Score 0/162 Timer 08:00
1 Play Today
% Correct
a
97.1%
a
97.1%
and
97.1%
and
97.1%
the
97.1%
and
97.1%
the
97.1%
the
97.1%
a
97.1%
And
97.1%
the
97.1%
the
97.1%
and
97.1%
a
97.1%
a
97.1%
and
97.1%
the
97.1%
the
97.1%
I
92.4%
I
92.4%
on
86.7%
on
86.7%
on
86.7%
on
86.7%
on
86.7%
on
86.7%
my
82.7%
my
82.7%
my
82.7%
my
82.7%
my
82.7%
my
82.7%
my
82.7%
you
82.1%
be
75.3%
me
75.3%
be
75.3%
me
75.3%
in
74.4%
at
74.1%
can
74.1%
at
74.1%
at
74.1%
at
74.1%
at
74.1%
no
73.2%
no
73.2%
it
71.2%
that
70.9%
of
70.9%
that
70.9%
that
70.9%
that
70.9%
they
70.8%
% Correct
they
70.8%
they
70.8%
they
70.8%
they
70.8%
they
70.8%
will
69.8%
for
69.8%
will
69.8%
are
69.5%
are
69.5%
Empty
68.8%
chairs
68.8%
empty
68.8%
Empty
68.8%
chairs
68.8%
empty
68.8%
empty
68.8%
chairs
68.8%
empty
68.8%
hear
68.3%
tables
67.9%
tables
67.9%
tables
67.9%
friends
67.6%
friends
67.6%
friends
67.6%
where
67.6%
friends
67.6%
friends
67.6%
friends
67.6%
where
67.6%
friends
67.6%
table
67.4%
was
66.8%
was
66.8%
what
65.9%
more
65.5%
more
65.5%
your
65.3%
gone
65.2%
gone
65.2%
goes
64.8%
goes
64.8%
now
64.1%
now
64.1%
can't
63.9%
dead
63.9%
can't
63.9%
There's
63.8%
There's
63.8%
There's
63.8%
There's
63.8%
Here
62.9%
Here
62.9%
% Correct
Here
62.9%
live
62.6%
don't
62%
them
61.8%
revolution
61.7%
pain
61.5%
pain
61.5%
spoken
61.2%
spoken
61.2%
oh
60.8%
oh
60.8%
never
60.2%
see
59.8%
grief
59.4%
grief
59.4%
lit
59.2%
talked
59.1%
corner
58.9%
tomorrow
58.5%
tomorrow
58.5%
came
58.5%
ask
57.9%
their
57.1%
sacrifice
57%
about
56.5%
with
56.2%
flame
56.1%
world
56.1%
could
55.6%
forgive
54.5%
sang
54.2%
From
53.6%
barricade
53.2%
reborn
52.6%
last
51.2%
window
51.2%
words
51.1%
very
50.8%
floor
50.6%
faces
50.2%
had
49.5%
communion
49.4%
dawn
49.4%
Phantom
49.2%
Phantom
49.2%
shadows
49.2%
became
49.1%
voices
48.6%
sung
47.4%
lonely
47.3%
ringing
45.8%
meet
44.5%
meet
44.5%
rose
44.1%

You're not logged in!

Compare scores with friends on all Sporcle quizzes.
OR
Log In

Sporcle TV

Today on Sporcle TV


Watch our educational content, quiz creation guides, and fun videos on Sporcle TV.

Show Comments

Extras

Created Dec 12, 2012ReportNominate
Tags:Song Quiz, les, mis

Top Quizzes Today


Score Distribution

Paid Content

Your Account Isn't Verified!

In order to create a playlist on Sporcle, you need to verify the email address you used during registration. Go to your Sporcle Settings to finish the process.

Report this User

Report this user for behavior that violates our Community Guidelines.

Details: